| 000 | 00719nab a2200193 4500 | ||
|---|---|---|---|
| 001 | 244442 | ||
| 003 | OSt | ||
| 005 | 20251124104905.0 | ||
| 007 | tu | ||
| 008 | 200917s2020||||||| | ||
| 040 |
_aDE-2950 _cDE-2950 |
||
| 245 | 0 | 0 |
_aMit wenig Mitteln viel für Frankfurt bewegt _bRathaus. Kaum jemand kennt die Straßen, Wege und Brücken in der Oderstadt so gut wie Frank Herrrmann. Jetzt ist der langjährige Leiter des Tiefbauamtes in den Ruhestand gegangen -. und zieht ehrlich Bilanz/ _cThomas Gutke |
| 264 | _c2025 | ||
| 653 | _aFrankfurt (Oder) | ||
| 653 | _aFrank Herrmann | ||
| 653 | _aRuhestand | ||
| 773 | 0 |
_g36. Jahrgang (2025) Nr. 272 vom 22.11.2025, S. 17 mit Foto _tMärkische Oderzeitung |
|
| 942 |
_2z _cA |
||
| 999 |
_c374131 _d374131 |
||